000 00699nam a2200217Ii 4500
003 JO-AjNU
008 230605s9999||||xx |||||||||||||| ||und||
020 _a9953-29-363-5
040 _aJO-AjNU
_bara
_erda
_cJO-AjNU
041 _aara
050 1 4 _aRC280.C6B8321 2004
100 3 _aبوب ، دافيد س,
_eauthor
_916578
245 0 0 _aمئة سؤال حول سرطان القولون والمستقيم
250 _aط2
264 3 1 _aبيروت:الدار العربية للعلوم ، 2004
300 _a240ص
336 _atext
_btxt
_2rdacontent
337 _aunmediated
_bn
_2rdamedia
338 _avolume
_bnc
_2rdacarrier
650 4 _aاسئلة واجوبة-القولون
_916579
999 _aA4946
_c8514
_d8514